000 00269nam a2200121Ia 4500
008 190216s9999||||xx |||||||||||||| ||und||
100 _aAbdulla T
245 0 _aBanking Theory And Prcatice
260 _bNull
_c1980
300 _a184p
650 _aEconomics
942 _cBK
999 _c9407
_d9407